Smallest U.S. State Capitals by Area - Statistics

General Stats
  • This quiz has been taken 11 times
    3 since last reset
  • The average score is 6 of 10
Answer Stats
Area (sq. km) State capital Area (sq. mi) % Correct
21 Harrisburg 8.1
100%
26.2 Montpelier 10.1
100%
38.3 Frankfort 14.8
67%
45.1 Hartford 17.4
67%
43.5 Helena 16.8
67%
33.7 Pierre 13
67%
19.7 Trenton 7.6
67%
18.6 Annapolis 7.2
33%
47.1 Olympia 18.2
33%
47.7 Providence 18.4
33%
No matching quizzes found
Score Distribution
Percent of People with Each Score
Percentile by Number Answered
Your Score History
You have not taken this quiz since the last reset